[Event "Troya op 26th"]
[Site "Canakkale"]
[Date "2018.08.06"]
[Round "1"]
[White "Alabas, Anil"]
[Black "Albay, Koraycan"]
[Result "0-1"]
[WhiteElo "1350"]
[BlackElo "1693"]
[PlyCount "70"]
[EventDate "2018.08.06"]
[EventType "swiss"]
[EventRounds "9"]
[EventCountry "TUR"]
[SourceTitle "EXT 2019"]
[Source "ChessBase"]
[SourceDate "2018.10.10"]
[SourceVersion "1"]
[SourceVersionDate "2018.10.10"]
[SourceQuality "1"]

1. e4 e6 2. d4 d5 3. exd5 exd5 4. Bd3 Bd6 5. c3 Ne7 6. Nf3 Bg4 7. 0-0 Nbc6 8. Nbd2 Qd7 9. Re1 0-0-0 10. b4 Ng6 11. Qa4 Kb8 12. b5 Nce7 13. Qb3 Nf4 14. Bf1 f6 15. a4 Qf5 16. a5 Nc8 17. c4 dxc4 18. Qxc4 Rhe8 19. Rxe8 Rxe8 20. Ba3 Bxf3 21. Nxf3 Bxa3 22. Rxa3 Nd6 23. Qb3 Ne2+ 24. Bxe2 Rxe2 25. b6 Qc2 26. Qxc2 Rxc2 27. bxc7+ Kxc7 28. Re3 Rc1+ 29. Re1 Rxe1+ 30. Nxe1 Nc4 31. a6 b5 32. Nc2 Kb6 33. Kf1 Kxa6 34. Ke2 Kb6 35. Kd3 a5 0-1

[Event "TUR-chT2"]
[Site "Konya"]
[Date "2017.07.13"]
[Round "7.16"]
[White "Alabas, Anil"]
[Black "Kargi, Mert"]
[Result "1/2-1/2"]
[WhiteElo "1120"]
[BlackElo "1528"]
[PlyCount "126"]
[EventDate "2017.07.09"]
[EventType "team-swiss"]
[EventRounds "9"]
[EventCountry "TUR"]
[SourceTitle "CBM 179 Extra"]
[Source "ChessBase"]
[SourceDate "2017.08.23"]
[SourceVersion "1"]
[SourceVersionDate "2017.08.23"]
[SourceQuality "1"]
[WhiteTeam "Canakkale 1915"]
[BlackTeam "Artvin Il Ozel"]
[WhiteTeamCountry "TUR"]
[BlackTeamCountry "TUR"]

1. e4 c5 2. Nf3 e6 3. c3 d5 4. exd5 exd5 5. d4 Nf6 6. h3 Bd6 7. Bd3 0-0 8. 0-0 Re8 9. Bg5 Nbd7 10. Nbd2 Nf8 11. Qc2 c4 12. Bf5 g6 13. Bxc8 Rxc8 14. Rfe1 Ne6 15. Bh4 Bf4 16. a3 g5 17. Bg3 Bxg3 18. fxg3 Nh5 19. Nf1 Qd6 20. Qf2 f6 21. Rad1 b5 22. Rb1 a5 23. b4 cxb3 24. Rxb3 a4 25. Rxb5 Rxc3 26. Qb2 Rec8 27. Qb4 Qxb4 28. Rxb4 Nhg7 29. Rxa4 R8c4 30. Rxc4 dxc4 31. Ne3 Rxa3 32. Nxc4 Rd3 33. Nb2 Rb3 34. Nc4 Rb4 35. d5 Rxc4 36. dxe6 Kf8 37. e7+ Ke8 38. g4 Rc7 39. Nd2 Rxe7 40. Rxe7+ Kxe7 41. Kf2 Ke6 42. Kf3 h5 43. Ne4 hxg4+ 44. hxg4 Ke5 45. Ng3 Ne6 46. Nh5 Nd4+ 47. Kg3 Ne2+ 48. Kf3 Nd4+ 49. Kg3 Ne6 50. Kf3 Nc7 51. Kg3 Nd5 52. Kf3 Nb4 53. Kg3 Nc2 54. Kf3 Nd4+ 55. Kg3 Ne6 56. Kf3 Nd4+ 57. Kg3 f5 58. gxf5 Kxf5 59. Ng7+ Kg6 60. Kg4 Kxg7 61. Kxg5 Ne6+ 62. Kf5 Kf7 63. g4 Ng7+ 1/2-1/2

[Event "TUR-chT2"]
[Site "Konya"]
[Date "2017.07.12"]
[Round "5.15"]
[White "Alabas, Anil"]
[Black "Erzurumlu, Bora"]
[Result "1/2-1/2"]
[WhiteElo "1120"]
[BlackElo "1197"]
[PlyCount "65"]
[EventDate "2017.07.09"]
[EventType "team-swiss"]
[EventRounds "9"]
[EventCountry "TUR"]
[SourceTitle "CBM 179 Extra"]
[Source "ChessBase"]
[SourceDate "2017.08.23"]
[SourceVersion "1"]
[SourceVersionDate "2017.08.23"]
[SourceQuality "1"]
[WhiteTeam "Canakkale 1915"]
[BlackTeam "Koycegiz Su Sporlari"]
[WhiteTeamCountry "TUR"]
[BlackTeamCountry "TUR"]

1. e4 e6 2. d4 d5 3. exd5 exd5 4. Bd3 Nc6 5. c3 Nf6 6. Bg5 Be7 7. Nf3 Bg4 8. Nbd2 0-0 9. 0-0 Re8 10. Re1 h6 11. Bh4 Qd7 12. Qc2 Nh5 13. Bxe7 Rxe7 14. Rxe7 Qxe7 15. Re1 Qd7 16. h3 Be6 17. Ne5 Nxe5 18. Rxe5 Nf4 19. Bf5 Re8 20. Bxe6 Rxe6 21. Rxe6 Qxe6 22. Nf3 Qe2 23. Qxe2 Nxe2+ 24. Kf1 Nf4 25. Ne1 Kf8 26. h4 Ke7 27. g3 Ne6 28. Nd3 Kd6 29. Ke2 c5 30. dxc5+ Nxc5 31. Nxc5 Kxc5 32. Kd3 b6 33. b4+ 1/2-1/2

[Event "TUR-chT2"]
[Site "Konya"]
[Date "2017.07.09"]
[Round "1.9"]
[White "Alabas, Anil"]
[Black "Dusmez, Ahmet Alp"]
[Result "1/2-1/2"]
[WhiteElo "1120"]
[BlackElo "1353"]
[PlyCount "67"]
[EventDate "2017.07.09"]
[EventType "team-swiss"]
[EventRounds "9"]
[EventCountry "TUR"]
[SourceTitle "CBM 179 Extra"]
[Source "ChessBase"]
[SourceDate "2017.08.23"]
[SourceVersion "1"]
[SourceVersionDate "2017.08.23"]
[SourceQuality "1"]
[WhiteTeam "Canakkale 1915"]
[BlackTeam "Dobruca"]
[WhiteTeamCountry "TUR"]
[BlackTeamCountry "TUR"]

1. e4 c5 2. Nf3 Nc6 3. Bb5 g6 4. 0-0 Bg7 5. c3 Nf6 6. Re1 0-0 7. d4 cxd4 8. cxd4 a6 9. Bxc6 dxc6 10. Nc3 Bg4 11. Be3 Qc7 12. h3 Bxf3 13. Qxf3 Rfd8 14. Rad1 Rac8 15. a3 Nd7 16. Bg5 Nb6 17. d5 Nc4 18. Rb1 Ne5 19. Qe2 h6 20. Bf4 f6 21. Bxe5 Qxe5 22. Qg4 g5 23. Rbd1 Qd6 24. Qf5 Qd7 25. Qxd7 Rxd7 26. dxc6 Rxd1 27. Rxd1 Rxc6 28. Rd7 Rb6 29. b4 Kf7 30. Nd5 Re6 31. Rxb7 Rxe4 32. Rb6 Rd4 33. Nc7 f5 34. Kf1 1/2-1/2